000
00369nam a2200169Ia 4500
008
240830s1999 xx 000 0 und d
041
_a
mar
082
_a
1
100
_a
GODBOLE V.
245
_a
NIGHUNTURANTNAKAR-2
250
_a
1
260
_a
SANGAI
_b
N.D.
_c
1999
300
_a
100p
440
_v
II
906
_a
NIGHUNTURANTNAKAR-2
999
_c
1183959
_d
1183959